Notas necrológicas (Record no. 181757)
[ view plain ]
| 000 -LEADER | |
|---|---|
| campo de control de longitud fija | 00999nam a2200217 i 4500 |
| 001 - NÚMERO DE CONTROL | |
| campo de control | 181757 |
| 003 - IDENTIFICADOR DE NÚMERO DE CONTROL | |
| campo de control | ES-MaACL |
| 005 - FECHA Y HORA DE LA ÚLTIMA TRANSACCIÓN | |
| campo de control | 20260217121123.0 |
| 008 - DATOS DE LONGITUD FIJA--INFORMACIÓN GENERAL | |
| campo de control de longitud fija | 130325s1923 sp |||| |dspa d |
| 110 2# - ENTRADA PRINCIPAL--NOMBRE DE ENTIDAD CORPORATIVA | |
| Nombre de entidad corporativa o nombre de jurisdicción como elemento de entrada | España. |
| Unidad subordinada | Junta Superior de Excavaciones y Antigüedades. |
| 9 (RLIN) | 152463 |
| 245 10 - MENCIÓN DEL TÍTULO | |
| Título | Notas necrológicas |
| Resto del título | : la Junta Superior de Excavaciones y Antigüedades a la memoria de los... señores Don Enrique de Aguilera y Gamboa, marqués de Cerralbo, y Don Vicente Lampérez y Romea. |
| 260 ## - PUBLICACIÓN, DISTRIBUCIÓN, ETC. | |
| Lugar de publicación, distribución, etc. | Madrid : |
| Nombre del editor, distribuidor, etc. | [s.n.], |
| Fecha de publicación, distribución, etc. | 1923 ( |
| Fabricante | Imp. "Rev. de Arch., Bibl. y Museos") |
| 300 ## - DESCRIPCIÓN FÍSICA | |
| Extensión | XV, 2 h. lám. retr, ; |
| Dimensiones | 24 cm. |
| 530 ## - NOTA DISPONIBLE DE FORMULARIO FÍSICO ADICIONAL | |
| Nota de formato físico adicional disponible | Disponible en formato digital. |
| 600 14 - PUNTO DE ACCESO ADICIONAL DE MATERIA--NOMBRE DE PERSONA | |
| Nombre de persona | Cerralbo, Enrique de Aguilera y Gamboa, |
| Títulos y otros términos asociados al nombre | Marqués de |
| 9 (RLIN) | 37561 |
| 600 14 - PUNTO DE ACCESO ADICIONAL DE MATERIA--NOMBRE DE PERSONA | |
| Nombre de persona | Lampérez y Romea, Vicente, |
| Fechas asociadas al nombre | 1861-1923 |
| 9 (RLIN) | 128639 |
| 852 ## - LOCALIZACIÓN | |
| Ubicación | ES-MaACL |
| Número de control de estantería | E-3372(8) |
| Ubicación en estantería | Depósito 2 |
| 856 4# - LOCALIZACIÓN Y ACCESO ELECTRÓNICOS | |
| Identificador Uniforme de Recursos | <a href="http://bdh-rd.bne.es/viewer.vm?id=0000252550&page=1 ">http://bdh-rd.bne.es/viewer.vm?id=0000252550&page=1 </a> |
| Texto de enlace | Biblioteca Digital Hispánica |
| 942 ## - ELEMENTOS DE ENTRADA SECUNDARIOS (KOHA) | |
| Fuente del sistema de clasificación o colocación | Clasificación decimal universal |
| Estatus retirado | Estado de pérdida | Estado de daño | No para préstamo | Colección | Biblioteca de origen | Biblioteca actual | Ubicación en estantería | Fecha de adquisición | Fuente de adquisición | Total de préstamos | Signatura topográfica completa | Código de barras | Visto por última vez | Precio de reemplazo | Tipo de ítem Koha |
|---|---|---|---|---|---|---|---|---|---|---|---|---|---|---|---|
| Colección digital | Biblioteca del Ateneo de Madrid | Biblioteca del Ateneo de Madrid | Depósito 2 | 25/03/2013 | E-3372(8) | 1191007 | 23/02/2023 | 23/02/2023 | Libro impreso |
